Nomenclátor de las ciudades, villas, lugares, aldeas y demás entidades de población de España en 1 de enero de 1888 / (Record no. 153868)

MARC details
000 -LEADER
campo de control de longitud fija 00771nam a2200169 i 4500
001 - NÚMERO DE CONTROL
campo de control 153868
003 - IDENTIFICADOR DE NÚMERO DE CONTROL
campo de control ES-MaACL
005 - FECHA Y HORA DE LA ÚLTIMA TRANSACCIÓN
campo de control 20250603181633.0
008 - DATOS DE LONGITUD FIJA--INFORMACIÓN GENERAL
campo de control de longitud fija 990630m18911894sp |||| | spa d
245 00 - MENCIÓN DEL TÍTULO
Título Nomenclátor de las ciudades, villas, lugares, aldeas y demás entidades de población de España en 1 de enero de 1888 /
Mención de responsabilidad, etc. formado por la Dirección General del Instituto Geográfico y Estadístico.
260 ## - PUBLICACIÓN, DISTRIBUCIÓN, ETC.
Lugar de publicación, distribución, etc. Madrid :
Nombre del editor, distribuidor, etc. [s.n.],
Fecha de publicación, distribución, etc. 1891 (
Fabricante Imp. de la Dirección General del Instituto Geográfico y Estadístico)
300 ## - DESCRIPCIÓN FÍSICA
Extensión 5 v. ;
Dimensiones 40 cm.
651 #7 - PUNTO DE ACCESO ADICIONAL DE MATERIA--NOMBRE GEOGRÁFICO
Nombre geográfico España-
Subdivisión general Nomencladores
Fuente del encabezamiento o término
9 (RLIN) 165997
710 2# - ENTRADA AGREGADA--NOMBRE DE ENTIDAD CORPORATIVA
Nombre de entidad corporativa o nombre de jurisdicción como elemento de entrada Instituto Geográfico y Estadístico (España)
9 (RLIN) 3892
852 ## - LOCALIZACIÓN
Ubicación ES-MaACL
Número de control de estantería G-4406-10
Nota libre - Enc. hol., conservando cub. original
Holdings
Estatus retirado Estado de pérdida Estado de daño No para préstamo Colección Biblioteca de origen Biblioteca actual Ubicación en estantería Fecha de adquisición Total de préstamos Signatura topográfica completa Código de barras Visto por última vez Precio de reemplazo Tipo de ítem Koha
        Libros del s. XIX Biblioteca del Ateneo de Madrid Biblioteca del Ateneo de Madrid Depósito 2 17/01/2008   G-4406-10 1160871 23/02/2023 23/02/2023 Libro impreso antiguo